|
|
|
|
| LEADER |
00000nam0a2200000 4500 |
| 001 |
261453 |
| 005 |
20231101233551.0 |
| 035 |
|
|
|a (RuTPU)RU\TPU\book\284433
|
| 090 |
|
|
|a 261453
|
| 100 |
|
|
|a 20140523d1982 k y0rusy50 ca
|
| 101 |
0 |
|
|a rus
|
| 102 |
|
|
|a RU
|
| 105 |
|
|
|a y z 001zy
|
| 200 |
1 |
|
|a Пространственно-неоднородные задачи теории сверхпроводимости
|f А. В. Свидзинский
|
| 210 |
|
|
|a Москва
|c Наука
|d 1982
|
| 215 |
|
|
|a 310 с.
|c ил.
|
| 320 |
|
|
|a Библиогр.: с. 305-309.
|
| 606 |
1 |
|
|a Сверхпроводимость
|2 stltpush
|3 (RuTPU)RU\TPU\subj\54104
|9 72265
|
| 610 |
1 |
|
|a сверхпроводники
|
| 610 |
1 |
|
|a термодинамические свойства
|
| 610 |
1 |
|
|a функции Грина
|
| 610 |
1 |
|
|a энтропия
|
| 610 |
1 |
|
|a локальное приближение
|
| 610 |
1 |
|
|a уравнения Гинзбурга-Ландау
|
| 610 |
1 |
|
|a эффект Мейсснера
|
| 610 |
1 |
|
|a незатухающие токи
|
| 610 |
1 |
|
|a туннелирование
|
| 610 |
1 |
|
|a ток Джозефсона
|
| 610 |
1 |
|
|a расчет
|
| 610 |
1 |
|
|a металл-сверхпроводник
|
| 675 |
|
|
|a 538.94
|v 3
|
| 700 |
|
1 |
|a Свидзинский
|b А. В.
|g Анатолий Вадимович
|
| 801 |
|
1 |
|a RU
|b 63413507
|c 20140523
|
| 801 |
|
2 |
|a RU
|b 63413507
|c 20160321
|g RCR
|
| 942 |
|
|
|c BK
|